<?xml version="1.0" encoding="UTF-8"?>
<record
    xmlns:xsi="http://www.w3.org/2001/XMLSchema-instance"
    xsi:schemaLocation="http://www.loc.gov/MARC21/slim http://www.loc.gov/standards/marcxml/schema/MARC21slim.xsd"
    xmlns="http://www.loc.gov/MARC21/slim">

  <leader>00817nma a22002297a 4500</leader>
  <controlfield tag="003">NALT</controlfield>
  <controlfield tag="005">20241120125322.0</controlfield>
  <controlfield tag="006">g           q   ||</controlfield>
  <controlfield tag="008">                                   tha d</controlfield>
  <datafield tag="040" ind1=" " ind2=" ">
    <subfield code="a">NALT</subfield>
  </datafield>
  <datafield tag="041" ind1=" " ind2=" ">
    <subfield code="a">tha</subfield>
  </datafield>
  <datafield tag="090" ind1=" " ind2=" ">
    <subfield code="a">CD2405</subfield>
  </datafield>
  <datafield tag="110" ind1="2" ind2=" ">
    <subfield code="a">&#xE01;&#xE23;&#xE21;&#xE28;&#xE34;&#xE25;&#xE1B;&#xE32;&#xE01;&#xE23;</subfield>
    <subfield code="9">14127</subfield>
  </datafield>
  <datafield tag="245" ind1="1" ind2="0">
    <subfield code="a">SUKHOTHAI-RUSSIA 5.</subfield>
    <subfield code="c">&#xE01;&#xE23;&#xE21;&#xE28;&#xE34;&#xE25;&#xE1B;&#xE32;&#xE01;&#xE23;.</subfield>
  </datafield>
  <datafield tag="260" ind1="3" ind2=" ">
    <subfield code="a">&#xE01;&#xE23;&#xE38;&#xE07;&#xE40;&#xE17;&#xE1E;&#xE2F; : </subfield>
    <subfield code="b">&#xE01;&#xE23;&#xE21;&#xE28;&#xE34;&#xE25;&#xE1B;&#xE32;&#xE01;&#xE23;, </subfield>
    <subfield code="c">&#xE21;.&#xE1B;.&#xE1B;..</subfield>
  </datafield>
  <datafield tag="300" ind1=" " ind2=" ">
    <subfield code="a">1 &#xE41;&#xE1C;&#xE48;&#xE19; :</subfield>
    <subfield code="b">Sd., Col.</subfield>
  </datafield>
  <datafield tag="650" ind1=" " ind2="4">
    <subfield code="a">&#xE28;&#xE34;&#xE25;&#xE1B;&#xE30;&#xE2A;&#xE38;&#xE42;&#xE02;&#xE17;&#xE31;&#xE22;</subfield>
    <subfield code="z">&#xE44;&#xE17;&#xE22; </subfield>
    <subfield code="z">&#xE2A;&#xE38;&#xE42;&#xE02;&#xE17;&#xE31;&#xE22;</subfield>
    <subfield code="9">65190</subfield>
  </datafield>
  <datafield tag="650" ind1=" " ind2="4">
    <subfield code="a">&#xE2A;&#xE16;&#xE32;&#xE1B;&#xE31;&#xE15;&#xE22;&#xE01;&#xE23;&#xE23;&#xE21;&#xE2A;&#xE21;&#xE31;&#xE22;&#xE42;&#xE1A;&#xE23;&#xE32;&#xE13;</subfield>
    <subfield code="z">&#xE44;&#xE17;&#xE22; </subfield>
    <subfield code="z">&#xE2A;&#xE38;&#xE42;&#xE02;&#xE17;&#xE31;&#xE22;</subfield>
    <subfield code="9">39659</subfield>
  </datafield>
  <datafield tag="650" ind1=" " ind2="4">
    <subfield code="a">&#xE27;&#xE31;&#xE12;&#xE19;&#xE18;&#xE23;&#xE23;&#xE21;</subfield>
    <subfield code="9">9670</subfield>
  </datafield>
  <datafield tag="850" ind1=" " ind2=" ">
    <subfield code="a">NALT</subfield>
  </datafield>
  <datafield tag="942" ind1=" " ind2=" ">
    <subfield code="c">CD</subfield>
    <subfield code="2">local</subfield>
  </datafield>
  <datafield tag="999" ind1=" " ind2=" ">
    <subfield code="c">73323</subfield>
    <subfield code="d">73323</subfield>
  </datafield>
  <datafield tag="998" ind1=" " ind2=" ">
    <subfield code="j">104</subfield>
    <subfield code="k"> &#xE19;&#xE32;&#xE07;&#xE2A;&#xE32;&#xE27;&#xE2A;&#xE32;&#xE22;&#xE1D;&#xE19;  &#xE14;&#xE35;&#xE07;&#xE32;&#xE21;</subfield>
  </datafield>
  <datafield tag="952" ind1=" " ind2=" ">
    <subfield code="0">0</subfield>
    <subfield code="1">0</subfield>
    <subfield code="2">lcc</subfield>
    <subfield code="4">0</subfield>
    <subfield code="7">0</subfield>
    <subfield code="8">CAV</subfield>
    <subfield code="a">NALT</subfield>
    <subfield code="b">NALT</subfield>
    <subfield code="c">AV</subfield>
    <subfield code="e">&#xE1A;&#xE23;&#xE34;&#xE08;&#xE32;&#xE04;</subfield>
    <subfield code="l">0</subfield>
    <subfield code="o">CD 2405</subfield>
    <subfield code="p">3961197340</subfield>
    <subfield code="r">2017-06-09 00:00:00</subfield>
    <subfield code="w">2017-06-09</subfield>
    <subfield code="y">CD</subfield>
  </datafield>
</record>
